[Event "Fourmies op 34th"]
[Site "Fourmies"]
[Date "2010.05.24"]
[Round "7"]
[White "Amigues, Emmanuel"]
[Black "Leburgue, Sylvain"]
[Result "1-0"]
[WhiteElo "2321"]
[BlackElo "2112"]
[PlyCount "29"]
[EventDate "2010.05.22"]
[EventType "swiss"]
[EventRounds "7"]
[EventCountry "FRA"]
[SourceTitle "CBM 136 Extra"]
[Source "ChessBase"]
[SourceDate "2010.07.02"]
[SourceVersion "2"]
[SourceVersionDate "2010.07.15"]
[SourceQuality "1"]

1. d4 d5 2. Nf3 Nf6 3. c4 c6 4. Nc3 e6 5. e3 Nbd7 6. Qc2 b6 7. Bd2 Bb7 8. cxd5 exd5 9. Bd3 Be7 10. 0-0 0-0 11. Ne5 c5 12. f4 Rc8 13. Nxd7 Nxd7 14. Bxh7+ Kh8 15. Rf3 1-0

[Event "Fourmies op 34th"]
[Site "Fourmies"]
[Date "2010.05.23"]
[Round "4"]
[White "Leburgue, Sylvain"]
[Black "Meisch, Tanguy"]
[Result "1-0"]
[WhiteElo "2112"]
[BlackElo "1647"]
[PlyCount "49"]
[EventDate "2010.05.22"]
[EventType "swiss"]
[EventRounds "7"]
[EventCountry "FRA"]
[SourceTitle "CBM 136 Extra"]
[Source "ChessBase"]
[SourceDate "2010.07.02"]
[SourceVersion "2"]
[SourceVersionDate "2010.07.15"]
[SourceQuality "1"]

1. e4 e6 2. d4 d5 3. Nc3 Bb4 4. e5 c5 5. a3 Bxc3+ 6. bxc3 Ne7 7. Qg4 Qc7 8. Qxg7 Rg8 9. Qxh7 cxd4 10. Ne2 Nbc6 11. f4 dxc3 12. Qd3 Bd7 13. Nxc3 0-0-0 14. Rb1 Ng6 15. Nb5 Qa5+ 16. Bd2 Qa4 17. Nd6+ Kb8 18. Nxb7 Ka8 19. Nc5 Qc4 20. Qxc4 dxc4 21. Bxc4 Nd4 22. Nxd7 Rxd7 23. Bd3 Ne7 24. Be4+ Nd5 25. c4 1-0

[Event "Bratto op-A 28th"]
[Site "Bratto"]
[Date "2008.08.30"]
[Round "9"]
[White "Madiai, Federico"]
[Black "Leburgue, Sylvain"]
[Result "1-0"]
[WhiteElo "2066"]
[BlackElo "2168"]
[PlyCount "99"]
[EventDate "2008.08.22"]
[EventType "swiss"]
[EventRounds "9"]
[EventCountry "ITA"]
[SourceTitle "EXT 2010"]
[Source "ChessBase"]
[SourceDate "2010.11.25"]
[SourceVersion "1"]
[SourceVersionDate "2010.11.25"]
[SourceQuality "1"]

1. Nf3 d5 2. d4 Nf6 3. c4 c6 4. Nc3 e6 5. Bg5 Nbd7 6. e3 Qa5 7. Nd2 Bb4 8. Qc2 0-0 9. Bxf6 Nxf6 10. Be2 e5 11. dxe5 Ne4 12. cxd5 Nxc3 13. bxc3 Bxc3 14. Rc1 Bb4 15. Bf3 cxd5 16. Rd1 Be6 17. Ke2 Rfc8 18. Qd3 Rc3 19. Qb1 Qb5+ 20. Ke1 Rd3 21. a4 Bxd2+ 22. Ke2 Qxb1 23. Rxb1 Bf5 24. Bg4 Bg6 25. Rbd1 Ra3 26. Rxd2 Rxa4 27. Bd7 Rb4 28. Rhd1 a5 29. Rxd5 h6 30. R5d4 Rb2+ 31. R1d2 Rb1 32. Ra2 b5 33. Rd5 b4 34. Rdxa5 Rxa5 35. Rxa5 Be4 36. f3 Rb2+ 37. Ke1 Bc2 38. Bb5 Bg6 39. g4 Rxh2 40. Be2 b3 41. Rb5 Rh1+ 42. Kd2 Rb1 43. e4 Kf8 44. Bc4 h5 45. gxh5 Bxh5 46. e6 Rb2+ 47. Ke3 fxe6 48. Rxh5 Rc2 49. Bd3 Rg2 50. Rb5 1-0

[Event "Bratto op-A 28th"]
[Site "Bratto"]
[Date "2008.08.23"]
[Round "2"]
[White "Mazzariol, Oscar"]
[Black "Leburgue, Sylvain"]
[Result "1-0"]
[WhiteElo "2080"]
[BlackElo "2168"]
[PlyCount "67"]
[EventDate "2008.08.22"]
[EventType "swiss"]
[EventRounds "9"]
[EventCountry "ITA"]
[SourceTitle "CBM 126 Extra"]
[Source "ChessBase"]
[SourceDate "2008.11.05"]
[SourceVersion "1"]
[SourceVersionDate "2008.11.05"]
[SourceQuality "1"]

1. d4 d5 2. c4 c6 3. Nc3 dxc4 4. e4 b5 5. a4 b4 6. Na2 Nf6 7. e5 Nd5 8. Bxc4 e6 9. Nf3 Be7 10. 0-0 Nd7 11. Re1 Bb7 12. Bd2 a5 13. Nc1 N5b6 14. Bd3 c5 15. dxc5 Nxc5 16. Bb5+ Kf8 17. Be3 Qxd1 18. Rxd1 Nd5 19. Bxc5 Bxc5 20. Nb3 Bb6 21. Rac1 Rc8 22. Rxc8+ Bxc8 23. Nfd4 Ne7 24. Rc1 Bb7 25. Bc6 Ba6 26. Nc5 Bc8 27. Be4 g5 28. Ndb3 Kg7 29. Bb7 Bxb7 30. Nxb7 Ra8 31. Nd6 Ra7 32. Rc4 Rc7 33. Rxc7 Bxc7 34. Ne8+ 1-0

[Event "FRA-chT1B 0708"]
[Site "France"]
[Date "2008.03.16"]
[Round "9.7"]
[White "Leburgue, Sylvain"]
[Black "Minet, Steve"]
[Result "0-1"]
[WhiteElo "2234"]
[BlackElo "2166"]
[PlyCount "82"]
[EventDate "2007.10.21"]
[EventType "team"]
[EventRounds "11"]
[EventCountry "FRA"]
[SourceTitle "EXT 2009"]
[Source "ChessBase"]
[SourceDate "2008.11.26"]
[SourceVersion "1"]
[SourceVersionDate "2008.11.26"]
[SourceQuality "1"]
[WhiteTeam "Mulhouse II"]
[BlackTeam "Besancon TPG"]
[WhiteTeamCountry "FRA"]
[BlackTeamCountry "FRA"]

1. e4 e6 2. d4 b6 3. Nf3 Bb7 4. Bd3 c5 5. 0-0 Nf6 6. Nc3 cxd4 7. Nxd4 Bb4 8. e5 Bxc3 9. bxc3 Nd5 10. Qg4 Kf8 11. Ba3+ Kg8 12. c4 Ne7 13. Nb5 Nbc6 14. Nd6 Ba6 15. Qf4 Qf8 16. Qg3 f5 17. f4 h6 18. h4 Kh7 19. Qe3 g6 20. Rab1 Qg7 21. Kf2 Rab8 22. Rg1 h5 23. Rgd1 Rhd8 24. Kg1 Ng8 25. c5 Bxd3 26. Rxd3 Nh6 27. Rdb3 Ng4 28. Qc3 Ne7 29. cxb6 Nd5 30. Qd4 axb6 31. c4 Ne7 32. Rxb6 Nc6 33. Qc3 Ra8 34. Bb2 Rxa2 35. Ra1 Rxa1+ 36. Bxa1 Qe7 37. g3 Rb8 38. Rxb8 Nxb8 39. Qb4 Qd8 40. Nf7 Nc6 41. Ng5+ Qxg5 0-1

[Event "FRA-chT1B 0708"]
[Site "France"]
[Date "2007.11.24"]
[Round "2.4"]
[White "Leburgue, Sylvain"]
[Black "Larrat, Philippe"]
[Result "1/2-1/2"]
[WhiteElo "2234"]
[BlackElo "2195"]
[PlyCount "124"]
[EventDate "2007.10.21"]
[EventType "team"]
[EventRounds "11"]
[EventCountry "FRA"]
[SourceTitle "EXT 2009"]
[Source "ChessBase"]
[SourceDate "2008.11.26"]
[SourceVersion "1"]
[SourceVersionDate "2008.11.26"]
[SourceQuality "1"]
[WhiteTeam "Mulhouse II"]
[BlackTeam "Creteil"]
[WhiteTeamCountry "FRA"]
[BlackTeamCountry "FRA"]

1. e4 c5 2. Nf3 g6 3. d4 cxd4 4. Qxd4 Nf6 5. e5 Nc6 6. Qa4 Nd5 7. Qe4 Ndb4 8. Bb5 Bg7 9. 0-0 0-0 10. a3 Na6 11. Bf4 Nc7 12. Bc4 b5 13. Ba2 Bb7 14. Nc3 Ne6 15. Bg3 Rb8 16. Qh4 b4 17. axb4 Nxb4 18. Qxb4 Bxf3 19. Qa3 Ba8 20. Rfd1 Qb6 21. Nd5 Bxd5 22. Bxd5 Qxb2 23. Qxb2 Rxb2 24. Rxa7 Nd4 25. Rxd7 e6 26. Kf1 Nxc2 27. Be4 Na3 28. Rc7 Rb5 29. Rc3 Ra5 30. Ra1 Nc4 31. Rxa5 Nxa5 32. f4 Rb8 33. Ra3 Nb3 34. Ra8 Rxa8 35. Bxa8 Nd4 36. Bf2 Nf5 37. Ke2 h5 38. g3 Bf8 39. Kd3 Be7 40. Kc4 Kf8 41. Bf3 Ba3 42. Be4 Nh6 43. Kb5 Ng4 44. Bg1 Nh6 45. Kc6 Ke7 46. Kb5 Kf8 47. h3 Be7 48. Kc6 Ke8 49. Kc7 Bd8+ 50. Kc8 Be7 51. Bc6+ Kf8 52. Kd7 Ba3 53. Bf3 Bb4 54. Bf2 Bd2 55. Bc5+ Kg8 56. Bf2 h4 57. gxh4 Bxf4 58. h5 gxh5 59. Bxh5 Bxe5 60. Ke8 Bf4 61. Bc5 e5 62. Bf8 e4 1/2-1/2

[Event "EU-ch blitz"]
[Site "Ajaccio"]
[Date "2007.10.26"]
[Round "28"]
[White "Landa, Konstantin"]
[Black "Leburgue, Sylvain"]
[Result "0-1"]
[WhiteElo "2678"]
[BlackElo "2234"]
[PlyCount "92"]
[EventDate "2007.10.25"]
[EventType "swiss (blitz)"]
[EventRounds "32"]
[EventCountry "FRA"]
[SourceTitle "CBM 120 Extra"]
[Source "ChessBase"]
[SourceDate "2007.11.01"]
[SourceVersion "1"]
[SourceVersionDate "2007.11.01"]
[SourceQuality "1"]

1. e4 c5 2. Nf3 Nc6 3. Nc3 Nf6 4. d4 cxd4 5. Nxd4 e5 6. Ndb5 d6 7. Bg5 a6 8. Na3 b5 9. Nd5 Be7 10. Bxf6 Bxf6 11. c3 0-0 12. Nc2 Bg5 13. a4 bxa4 14. Rxa4 a5 15. Bc4 Rb8 16. b3 Kh8 17. Nce3 Be6 18. 0-0 Ne7 19. Nxe7 Bxe7 20. Bxe6 fxe6 21. Nc4 Rb5 22. Qc2 Qc7 23. Rfa1 Ra8 24. R4a3 d5 25. exd5 exd5 26. Nd2 Bxa3 27. Rxa3 Rc8 28. c4 dxc4 29. bxc4 Rb4 30. h4 Qc5 31. Rf3 h6 32. Rf7 a4 33. g3 a3 34. Qg6 Rg8 35. Ne4 Qxc4 36. Nf6 Rb1+ 37. Kh2 Rh1+ 38. Kxh1 Qf1+ 39. Kh2 Qxf2+ 40. Kh3 Qf1+ 41. Kg4 Qxf6 42. Qxf6 gxf6+ 43. Kh5 Ra8 44. Kg6 a2 45. Rh7+ Kg8 46. Rg7+ Kf8 0-1

[Event "EU-ch blitz"]
[Site "Ajaccio"]
[Date "2007.10.26"]
[Round "29"]
[White "Leburgue, Sylvain"]
[Black "Humeau, Cyril"]
[Result "0-1"]
[WhiteElo "2234"]
[BlackElo "2159"]
[PlyCount "61"]
[EventDate "2007.10.25"]
[EventType "swiss (blitz)"]
[EventRounds "32"]
[EventCountry "FRA"]
[SourceTitle "CBM 120 Extra"]
[Source "ChessBase"]
[SourceDate "2007.11.01"]
[SourceVersion "1"]
[SourceVersionDate "2007.11.01"]
[SourceQuality "1"]

1. e4 e5 2. d4 Nf6 3. Nf3 Nxe4 4. Bd3 d5 5. Nxe5 Nd7 6. Nxd7 Bxd7 7. 0-0 Bd6 8. c4 c6 9. cxd5 cxd5 10. Nc3 Nxc3 11. bxc3 0-0 12. Qh5 f5 13. c4 g6 14. Qf3 Bc6 15. cxd5 Bd7 16. Bf4 Qb8 17. Bxd6 Qxd6 18. Rfe1 Rfe8 19. h4 Qf6 20. Qf4 Rac8 21. Re5 Rc3 22. Rxe8+ Bxe8 23. Re1 Bf7 24. Bf1 Kg7 25. d6 Rc6 26. d7 Rd6 27. Bb5 a6 28. Ba4 b5 29. Re8 Rxd7 30. Re5 bxa4 31. g3 0-1

[Event "EU-ch blitz"]
[Site "Ajaccio"]
[Date "2007.10.26"]
[Round "27"]
[White "Leburgue, Sylvain"]
[Black "Landa, Konstantin"]
[Result "0-1"]
[WhiteElo "2234"]
[BlackElo "2678"]
[PlyCount "78"]
[EventDate "2007.10.25"]
[EventType "swiss (blitz)"]
[EventRounds "32"]
[EventCountry "FRA"]
[SourceTitle "CBM 120 Extra"]
[Source "ChessBase"]
[SourceDate "2007.11.01"]
[SourceVersion "1"]
[SourceVersionDate "2007.11.01"]
[SourceQuality "1"]

1. e4 c6 2. d4 d5 3. e5 c5 4. dxc5 Nc6 5. Bb5 e6 6. Be3 Nge7 7. Nf3 Bd7 8. Bxc6 Nxc6 9. c3 Qc7 10. 0-0 Nxe5 11. Bf4 Nxf3+ 12. Qxf3 Qxc5 13. Nd2 Bd6 14. Nb3 Qc7 15. Bxd6 Qxd6 16. Rad1 Rc8 17. Rfe1 0-0 18. Qh5 f5 19. Re3 e5 20. Rde1 Rce8 21. Rh3 h6 22. Rg3 f4 23. Rg6 Rf6 24. Rxf6 Qxf6 25. Nc5 Bc6 26. Nd3 e4 27. b4 exd3 28. Rxe8+ Bxe8 29. Qxe8+ Kh7 30. Qe1 Qa6 31. Qd2 Qc4 32. Kf1 Qe4 33. a3 b5 34. Qe1 Kg6 35. Qd2 Kf5 36. Qe1 g5 37. Qd2 h5 38. h3 g4 39. hxg4+ hxg4 0-1

[Event "EU-ch blitz"]
[Site "Ajaccio"]
[Date "2007.10.25"]
[Round "13"]
[White "Leburgue, Sylvain"]
[Black "Cvitan, Ognjen"]
[Result "0-1"]
[WhiteElo "2234"]
[BlackElo "2543"]
[PlyCount "37"]
[EventDate "2007.10.25"]
[EventType "swiss (blitz)"]
[EventRounds "32"]
[EventCountry "FRA"]
[SourceTitle "CBM 120 Extra"]
[Source "ChessBase"]
[SourceDate "2007.11.01"]
[SourceVersion "1"]
[SourceVersionDate "2007.11.01"]
[SourceQuality "1"]

1. e4 c5 2. Nf3 e6 3. d4 cxd4 4. Nxd4 a6 5. Bd3 Nf6 6. 0-0 e5 7. Nf3 Nc6 8. Nc3 Bc5 9. a4 h6 10. Qe2 d6 11. h3 0-0 12. Bc4 Be6 13. Nd5 Bxd5 14. exd5 Ne7 15. Rd1 Ng6 16. c3 a5 17. Be3 Rc8 18. Rd2 e4 19. g4 0-1

[Event "FRA-chT Top 16 Gp Haute"]
[Site "France"]
[Date "2007.05.31"]
[Round "8.6"]
[White "Cornette, Matthieu"]
[Black "Leburgue, Sylvain"]
[Result "1-0"]
[WhiteElo "2482"]
[BlackElo "2235"]
[PlyCount "51"]
[EventDate "2007.05.31"]
[EventType "team"]
[EventRounds "11"]
[EventCountry "FRA"]
[SourceTitle "CBM 118 Extra"]
[Source "ChessBase"]
[SourceDate "2007.07.04"]
[SourceVersion "1"]
[SourceVersionDate "2007.07.04"]
[SourceQuality "1"]
[WhiteTeam "Cannes"]
[BlackTeam "Mulhouse"]
[WhiteTeamCountry "FRA"]
[BlackTeamCountry "FRA"]

1. e4 c5 2. Nf3 Nc6 3. Nc3 Nf6 4. Bb5 Qc7 5. d3 Nd4 6. Ba4 g6 7. 0-0 Bg7 8. Nxd4 cxd4 9. Nb5 Qa5 10. c3 dxc3 11. b4 Qd8 12. Bf4 0-0 13. Bc7 Qe8 14. Nxc3 Nh5 15. d4 f5 16. e5 f4 17. Re1 f3 18. g3 Qf7 19. Bb3 e6 20. Bd6 Qf5 21. Bxf8 Nf4 22. Qxf3 Nh3+ 23. Kg2 Qxf3+ 24. Kxf3 Bxf8 25. Ne4 Bxb4 26. Kg2 1-0

[Event "FRA-chT1B 0607"]
[Site "France"]
[Date "2007.02.25"]
[Round "9.6"]
[White "Langevin, Philippe"]
[Black "Leburgue, Sylvain"]
[Result "1/2-1/2"]
[WhiteElo "2208"]
[BlackElo "2235"]
[PlyCount "73"]
[EventDate "2006.10.15"]
[EventType "team"]
[EventRounds "11"]
[EventCountry "FRA"]
[SourceTitle "EXT 2008"]
[Source "ChessBase"]
[SourceDate "2007.11.25"]
[SourceVersion "1"]
[SourceVersionDate "2007.11.25"]
[SourceQuality "1"]
[WhiteTeam "Hyeres"]
[BlackTeam "Mulhouse II"]
[WhiteTeamCountry "FRA"]
[BlackTeamCountry "FRA"]

1. e4 c5 2. Nf3 Nc6 3. b3 e6 4. Bb2 Be7 5. Bxg7 Bf6 6. Bxh8 Bxh8 7. Nc3 a6 8. Be2 b5 9. Rc1 Qc7 10. 0-0 Bb7 11. Re1 0-0-0 12. Bf1 Nge7 13. Ne2 f5 14. exf5 Nxf5 15. c3 Ne5 16. Nxe5 Bxe5 17. Ng3 Rf8 18. Qh5 Bxg3 19. hxg3 Qc6 20. Qh3 Rf6 21. Qxh7 Rh6 22. Qf7 Kc7 23. d4 Qd6 24. Re5 cxd4 25. cxd4+ Kb6 26. Rxf5 exf5 27. Qxf5 Qxd4 28. a4 Bc6 29. axb5 axb5 30. Qc2 Qh8 31. Qc5+ Kb7 32. f3 Rh5 33. Qc3 Rh1+ 34. Kf2 Qh2 35. Bxb5 Bxb5 36. Qc8+ Kb6 37. Qc7+ 1/2-1/2

[Event "Basel Hilton op 09th"]
[Site "Basel"]
[Date "2007.01.07"]
[Round "7"]
[White "Wirthensohn, Heinz"]
[Black "Leburgue, Sylvain"]
[Result "1-0"]
[WhiteElo "2414"]
[BlackElo "2188"]
[PlyCount "111"]
[EventDate "2007.01.01"]
[EventType "swiss"]
[EventRounds "7"]
[EventCountry "SUI"]
[SourceTitle "CBM 116 Extra"]
[Source "ChessBase"]
[SourceDate "2007.03.07"]
[SourceVersion "1"]
[SourceVersionDate "2007.03.07"]
[SourceQuality "1"]

1. Nf3 d5 2. c4 c6 3. d4 Nf6 4. Nc3 e6 5. Bg5 Nbd7 6. e3 Qa5 7. Nd2 Bb4 8. Qc2 0-0 9. Nb3 Qc7 10. cxd5 exd5 11. Bd3 Re8 12. 0-0 Bd6 13. h3 h6 14. Bxf6 Nxf6 15. Nd2 Qe7 16. a3 Nh5 17. Bh7+ Kh8 18. Bf5 Bxf5 19. Qxf5 Nf6 20. Rfc1 Kg8 21. Qc2 Rac8 22. b4 a6 23. Na4 Bb8 24. Nc5 Qc7 25. Nf1 Ne4 26. Nxe4 Rxe4 27. a4 Re6 28. Qd3 Qe7 29. b5 c5 30. dxc5 Rxc5 31. Rxc5 Qxc5 32. Rd1 Rd6 33. bxa6 bxa6 34. Ng3 Rd8 35. Nf5 Be5 36. Qxa6 Qc2 37. Qd3 Qxa4 38. Ne7+ Kf8 39. Nxd5 Qc6 40. f4 Bc7 41. Kh1 Qc5 42. Qd2 Qc4 43. Qd4 Qxd4 44. Rxd4 Ba5 45. g4 Rd6 46. Kg2 Bb6 47. Rd1 Ba5 48. Kf3 Rc6 49. Ra1 Bd8 50. Ra2 Ke8 51. h4 Rc4 52. h5 Kd7 53. e4 Rc1 54. e5 Rd1 55. Ne3 Rd4 56. Nf5 1-0

[Event "Basel Hilton op 09th"]
[Site "Basel"]
[Date "2007.01.01"]
[Round "1"]
[White "Malakhatko, Vadim"]
[Black "Leburgue, Sylvain"]
[Result "1-0"]
[WhiteElo "2604"]
[BlackElo "2188"]
[PlyCount "73"]
[EventDate "2007.01.01"]
[EventType "swiss"]
[EventRounds "7"]
[EventCountry "SUI"]
[SourceTitle "CBM 116 Extra"]
[Source "ChessBase"]
[SourceDate "2007.03.07"]
[SourceVersion "1"]
[SourceVersionDate "2007.03.07"]
[SourceQuality "1"]

1. d4 d5 2. c4 c6 3. Nc3 dxc4 4. e4 b5 5. a4 b4 6. Na2 Nf6 7. e5 Nd5 8. Bxc4 e6 9. Nf3 Be7 10. 0-0 Nd7 11. Bd2 a5 12. Nc1 N5b6 13. Bd3 c5 14. Be4 Ra7 15. Nd3 Bb7 16. Bxb7 Rxb7 17. dxc5 Nxc5 18. Nxc5 Bxc5 19. Qe2 Nd5 20. Rfc1 Be7 21. Qa6 Rb8 22. Nd4 Qb6 23. Qxb6 Rxb6 24. Rc8+ Bd8 25. Ra8 Rb7 26. Bg5 Ne7 27. Bxe7 Rxe7 28. Nc6 Rd7 29. Nxa5 0-0 30. Nc6 Bb6 31. Rxf8+ Kxf8 32. a5 Bd4 33. Nxd4 Rxd4 34. a6 Rd8 35. a7 Ra8 36. Kf1 Ke7 37. Ke2 1-0

[Event "FRA-chT1B 0607"]
[Site "France"]
[Date "2006.11.06"]
[Round "3.5"]
[White "Leburgue, Sylvain"]
[Black "Boudre, Jean Pierre"]
[Result "0-1"]
[WhiteElo "2235"]
[BlackElo "2324"]
[PlyCount "114"]
[EventDate "2006.10.15"]
[EventType "team"]
[EventRounds "11"]
[EventCountry "FRA"]
[SourceTitle "EXT 2008"]
[Source "ChessBase"]
[SourceDate "2007.11.25"]
[SourceVersion "1"]
[SourceVersionDate "2007.11.25"]
[SourceQuality "1"]
[WhiteTeam "Mulhouse II"]
[BlackTeam "Marseille Duchamps"]
[WhiteTeamCountry "FRA"]
[BlackTeamCountry "FRA"]

1. e4 e5 2. Nf3 Nc6 3. Bb5 Nf6 4. 0-0 Nxe4 5. d4 Be7 6. Qe2 Nd6 7. Bxc6 bxc6 8. dxe5 Nb7 9. b3 0-0 10. Bb2 d5 11. Nbd2 Re8 12. Rfe1 Bd7 13. c4 a5 14. Qd3 Nc5 15. Qc3 Ne6 16. a3 Qb8 17. Nd4 Nxd4 18. Qxd4 Qb6 19. Qc3 Be6 20. Rac1 d4 21. Qxd4 Qxd4 22. Bxd4 Bxa3 23. Ra1 Bb4 24. Red1 Bf5 25. Rac1 Rad8 26. Nf3 h6 27. Be3 Rxd1+ 28. Rxd1 Bc2 29. Rd7 Bxb3 30. Rxc7 Bxc4 31. Rxc6 Bd5 32. Ra6 Bxf3 33. gxf3 Rxe5 34. Ra7 Re7 35. Ra8+ Kh7 36. Bd4 Rd7 37. Bb6 Rd5 38. Ra7 Kg6 39. Bc7 h5 40. Kg2 f6 41. Bb6 Rg5+ 42. Kf1 Rb5 43. Bc7 Bc3 44. Kg2 Rb2 45. Bxa5 Bd4 46. Rd7 Rxf2+ 47. Kg3 h4+ 48. Kxh4 Be5 49. Rd2 Rxf3 50. Bb6 Kf5 51. Rf2 g5+ 52. Kh5 Rxf2 53. Bxf2 Bxh2 54. Bb6 Bg3 55. Bd8 Be5 56. Ba5 g4 57. Bd2 g3 0-1

[Event "FRA-chT1B 0607"]
[Site "France"]
[Date "2006.10.15"]
[Round "1.7"]
[White "Leburgue, Sylvain"]
[Black "Debray, Tristan"]
[Result "1-0"]
[WhiteElo "2235"]
[BlackElo "2151"]
[PlyCount "73"]
[EventDate "2006.10.15"]
[EventType "team"]
[EventRounds "11"]
[EventCountry "FRA"]
[SourceTitle "EXT 2008"]
[Source "ChessBase"]
[SourceDate "2007.11.25"]
[SourceVersion "1"]
[SourceVersionDate "2007.11.25"]
[SourceQuality "1"]
[WhiteTeam "Mulhouse II"]
[BlackTeam "Lyon Olympique"]
[WhiteTeamCountry "FRA"]
[BlackTeamCountry "FRA"]

1. e4 Nf6 2. e5 Nd5 3. d4 d6 4. c4 Nb6 5. exd6 cxd6 6. Nc3 g6 7. Be3 Bg7 8. Rc1 0-0 9. b3 e5 10. dxe5 dxe5 11. Qxd8 Rxd8 12. c5 N6d7 13. Nf3 Nc6 14. Bc4 Nd4 15. Ng5 Rf8 16. Nce4 h6 17. Nxf7 Kh7 18. Nfd6 Nf6 19. Nxf6+ Bxf6 20. 0-0 Rb8 21. Rfe1 Bd7 22. Ne4 Bg7 23. Bd5 Bf5 24. Nd6 Rfd8 25. Bxb7 Rxd6 26. cxd6 Rxb7 27. Bxd4 exd4 28. Re7 Rxe7 29. dxe7 Bd7 30. Rc7 Be8 31. Rc8 Bd7 32. Rd8 Bc6 33. e8Q Bxe8 34. Rxe8 Bf6 35. Kf1 d3 36. Re6 Kg7 37. Rd6 1-0

[Event "FRA-chT2D 0506"]
[Site "France"]
[Date "2006.04.01"]
[Round "10.6"]
[White "Leburgue, Sylvain"]
[Black "Julve, Philippe"]
[Result "1/2-1/2"]
[WhiteElo "2179"]
[BlackElo "2230"]
[PlyCount "89"]
[EventDate "2005.10.27"]
[EventType "team-tourn"]
[EventRounds "11"]
[EventCountry "FRA"]
[SourceTitle "EXT 2006"]
[Source "ChessBase"]
[SourceDate "2005.11.24"]
[SourceVersion "1"]
[SourceVersionDate "2005.11.24"]
[SourceQuality "1"]
[WhiteTeam "Mulhouse"]
[BlackTeam "Lille"]
[WhiteTeamCountry "FRA"]
[BlackTeamCountry "FRA"]

1. e4 c5 2. Nf3 d6 3. d4 cxd4 4. Nxd4 Nf6 5. Nc3 a6 6. Bg5 e6 7. f4 Be7 8. Qf3 Qc7 9. 0-0-0 Nbd7 10. g4 b5 11. Bxf6 Nxf6 12. g5 Nd7 13. f5 Ne5 14. Qg3 b4 15. Nce2 Nc6 16. Nxc6 Qxc6 17. Nd4 Qc5 18. Bh3 e5 19. f6 exd4 20. fxe7 Bxh3 21. Qxh3 Qxg5+ 22. Kb1 Qxe7 23. Rxd4 0-0 24. Qg4 a5 25. Rg1 g6 26. h4 Rfe8 27. h5 Rac8 28. hxg6 fxg6 29. Rgd1 Rc6 30. Qg3 Kg7 31. a3 Qe5 32. Qb3 Rec8 33. axb4 Rxc2 34. Rxd6 Qxe4 35. Rd7+ Kh8 36. Rd8+ Kg7 37. R1d7+ Kf6 38. Rd6+ Kg7 39. R6d7+ Kf6 40. Rd6+ Kg7 41. Qg8+ Kh6 42. Qf8+ Kh5 43. Rd5+ g5 44. Qf7+ Qg6 45. Qxg6+ 1/2-1/2

[Event "Le Touquet op 20th"]
[Site "Le Touquet"]
[Date "2005.10.25"]
[Round "4"]
[White "Leburgue, Sylvain"]
[Black "Robert, Frederic"]
[Result "1-0"]
[WhiteElo "2166"]
[BlackElo "1981"]
[PlyCount "59"]
[EventDate "2005.10.23"]
[EventType "swiss"]
[EventRounds "9"]
[EventCountry "FRA"]
[SourceTitle "EXT 2006"]
[Source "ChessBase"]
[SourceDate "2005.11.24"]
[SourceVersion "1"]
[SourceVersionDate "2005.11.24"]
[SourceQuality "1"]

1. e4 e5 2. Nf3 Nc6 3. d4 exd4 4. Nxd4 Bc5 5. Nxc6 Qf6 6. Qd2 dxc6 7. Nc3 Be6 8. Na4 Rd8 9. Bd3 Qd4 10. Nxc5 Qxc5 11. 0-0 Nf6 12. Qg5 Qxg5 13. Bxg5 h6 14. Bh4 g5 15. Bg3 Rc8 16. Be5 Ke7 17. f4 g4 18. f5 Bd7 19. Bd4 Rhg8 20. Rae1 b6 21. e5 Nd5 22. e6 fxe6 23. fxe6 Be8 24. c4 c5 25. Be5 Nb4 26. Bf6+ Kd6 27. Bh7 Bg6 28. Bxg8 Rxg8 29. e7 Re8 30. Bh4 1-0

[Event "FRA-chT2D 0506"]
[Site "France"]
[Date "2005.10.16"]
[Round "1.6"]
[White "Hartweg, Nicolas"]
[Black "Leburgue, Sylvain"]
[Result "1/2-1/2"]
[WhiteElo "2046"]
[BlackElo "2183"]
[PlyCount "85"]
[EventDate "2005.10.27"]
[EventType "team-tourn"]
[EventRounds "11"]
[EventCountry "FRA"]
[SourceTitle "EXT 2006"]
[Source "ChessBase"]
[SourceDate "2005.11.24"]
[SourceVersion "1"]
[SourceVersionDate "2005.11.24"]
[SourceQuality "1"]
[WhiteTeam "Bischwiller"]
[BlackTeam "Mulhouse"]
[WhiteTeamCountry "FRA"]
[BlackTeamCountry "FRA"]

1. d4 d5 2. c4 c6 3. Nf3 Nf6 4. Nc3 e6 5. e3 Nbd7 6. Qc2 b6 7. Bd3 Be7 8. 0-0 Bb7 9. cxd5 exd5 10. Nd2 0-0 11. f4 Re8 12. Nf3 Nf8 13. Ne5 N6d7 14. Nxd7 Qxd7 15. Bd2 Bf6 16. Rf3 c5 17. Ne2 Qd6 18. Rc1 Rac8 19. Qb1 cxd4 20. exd4 Rxc1+ 21. Qxc1 Bc8 22. f5 Bd7 23. g4 Rxe2 24. Bxe2 Bxd4+ 25. Be3 Be5 26. Bf4 d4 27. Kf2 g6 28. Bxe5 Qxe5 29. Qf4 Qd5 30. b3 Bc6 31. Rg3 Qc5 32. Rd3 Bb5 33. Rxd4 Bxe2 34. Kxe2 Qc6 35. h4 h6 36. h5 g5 37. Qe4 Qc7 38. Kd3 Qc1 39. Qe2 Qb1+ 40. Qc2 Qg1 41. Kc3 Qe3+ 42. Qd3 Qc1+ 43. Qc2 1/2-1/2

[Event "Cappelle op 21st"]
[Site "Cappelle la Grande"]
[Date "2005.02.16"]
[Round "6"]
[White "Thorhallsson, Throstur"]
[Black "Leburgue, Sylvain"]
[Result "1-0"]
[WhiteElo "2455"]
[BlackElo "2192"]
[PlyCount "61"]
[EventDate "2005.02.12"]
[EventType "swiss"]
[EventRounds "9"]
[EventCountry "FRA"]
[SourceTitle "EXT 2006"]
[Source "ChessBase"]
[SourceDate "2005.11.24"]
[SourceVersion "1"]
[SourceVersionDate "2005.11.24"]
[SourceQuality "1"]

1. e4 c5 2. Nf3 Nc6 3. Bb5 e6 4. 0-0 Nge7 5. c3 a6 6. Ba4 b5 7. Bc2 Bb7 8. Re1 Rc8 9. d4 cxd4 10. cxd4 Nb4 11. Bb3 Rxc1 12. Qxc1 Nd3 13. Qe3 Nxe1 14. Qxe1 Ng6 15. Nc3 Be7 16. Rd1 0-0 17. Qe3 Qb6 18. e5 f5 19. exf6 Bxf6 20. Ne4 Be7 21. d5 Qxe3 22. fxe3 Kh8 23. d6 Bxe4 24. dxe7 Nxe7 25. Rxd7 Nd5 26. Ng5 Nxe3 27. Nf7+ Kg8 28. Bxe6 Ba8 29. Rd3 Nxg2 30. Ne5+ Kh8 31. Ng6+ 1-0

[Event "Mulhouse IM"]
[Site "Mulhouse"]
[Date "2004.07.01"]
[Round "2"]
[White "Leburgue, Sylvain"]
[Black "Moingt, Anne"]
[Result "1/2-1/2"]
[WhiteElo "2167"]
[BlackElo "2184"]
[PlyCount "81"]
[EventDate "2004.06.30"]
[EventType "tourn"]
[EventRounds "9"]
[EventCountry "FRA"]
[EventCategory "3"]
[SourceTitle "CBM 101 Extra"]
[Source "ChessBase"]
[SourceDate "2004.09.01"]
[SourceVersion "2"]
[SourceVersionDate "2004.09.01"]
[SourceQuality "1"]

1. e4 c5 2. Nf3 d6 3. d4 cxd4 4. Nxd4 Nf6 5. Nc3 Nc6 6. Bc4 Qb6 7. Nxc6 bxc6 8. 0-0 e6 9. Qe2 Nd7 10. b3 Be7 11. Bb2 0-0 12. Rad1 Ne5 13. Na4 Qc7 14. f4 Nxc4 15. Qxc4 e5 16. fxe5 dxe5 17. Qc3 Bg4 18. Rde1 Bd6 19. Kh1 Qe7 20. Qg3 Bh5 21. Rf5 Bg6 22. Bxe5 Rad8 23. Bxd6 Qxd6 24. Rc5 Rfe8 25. Qxd6 Rxd6 26. e5 Rd2 27. Kg1 Rxc2 28. Rxc2 Bxc2 29. Nc5 Bf5 30. Kf2 Rd8 31. b4 Rd5 32. a3 h6 33. Re3 a5 34. e6 fxe6 35. Nxe6 axb4 36. axb4 Kf7 37. Nc5 Rd2+ 38. Kf3 Rb2 39. Rb3 Rc2 40. h3 g5 41. g4 1/2-1/2